Bird guide
Αποθηκεύτηκε σε:
| Κύριος συγγραφέας: | |
|---|---|
| Άλλοι συγγραφείς: | , , , |
| Μορφή: | Βιβλίο |
| Γλώσσα: | English Italian |
| Δημοσίευση: |
London :
HarperCollins,
2001, 1999.
|
| Θέματα: | |
| Ετικέτες: |
Προσθήκη ετικέτας
Δεν υπάρχουν, Καταχωρήστε ετικέτα πρώτοι!
|
MARC
| LEADER | 00000cam a2200000 i 4500 | ||
|---|---|---|---|
| 001 | 1/80360 | ||
| 008 | 080403r20011999gr | ||| |||| ||eng|| | ||
| 020 | |a 9780007113323 (pbk.) | ||
| 020 | |a 0007113323 (pbk.) | ||
| 035 | |l 10096193 | ||
| 040 | |a GR-MyUA |b gre |e AACR2 | ||
| 041 | 1 | |a eng |h ita | |
| 082 | 0 | |a 598.094 |2 (22) | |
| 100 | 1 | |a Svensson, Lars. | |
| 245 | 1 | 0 | |a Bird guide / |c text by Lars Svensson & Peter J. Grant ; illustrations by Killian Mullarney & Dan Zetterstrom ; translated by David Christie. |
| 246 | 3 | 3 | |a Collins bird guide |
| 260 | |a London : |b HarperCollins, |c 2001, 1999. | ||
| 300 | |a 392, [4] σ. : |b έγχρ. εικ., έγχρ. χάρτες ; |c 20 εκ. | ||
| 500 | |a Τίτλος πρωτοτύπου: Fagelguide.Europas och Medelhavsomradets faglar i falt. | ||
| 504 | |a Περιέχει ευρετήριο. | ||
| 504 | |a Βιβλιογραφία: σ. 392. | ||
| 650 | 0 | 0 | |a Birds |z Europe. |
| 650 | 0 | 0 | |a Birds |z Great Britain. |
| 650 | 0 | 0 | |a Birds |z Europe |x Identification. |
| 650 | 0 | 0 | |a Birds |z Great Britain |x Identification. |
| 650 | 0 | 0 | |a Birds |z Europe |x Geographical distribution. |
| 650 | 0 | 0 | |a Birds |z Great Britain |x Geographical distribution. |
| 700 | 1 | |a Grant, P. J. |q (Peter James) | |
| 700 | 1 | |a Mullarney, Killian, |e ill | |
| 700 | 1 | |a Zetterstrom, Dan, |e ill | |
| 700 | 1 | |a Christie, David A. |e trl | |
| 852 | |a INST |b LESVOS |e 20080403 |h 598.094 SVE |p 005100038674 |q 005100038674 |t BK |y 0 | ||
| 901 | |a BIBL1-2008-1 | ||
| 909 | |a Λ |b 142747 | ||
| 922 | |a 1ΕΛΗ |b 200712 |c ΕΠΕΑΕΚ2/ΤΠ |d ΕΛΕΥΘΕΡΟΥΔΑΚΗΣ | ||
| 970 | |a ΓΙΑΛΑΜΑ |b ΜΑΡΙΑ |z 2008/04/03 | ||